<?xml version="1.0" encoding="UTF-8"?>
<collection xmlns="http://www.loc.gov/MARC21/slim">
 <record>
  <leader>02192nam a2200205Ia 4500</leader>
  <controlfield tag="001">CTU_12169</controlfield>
  <controlfield tag="008">210402s9999    xx            000 0 und d</controlfield>
  <datafield tag="082" ind1=" " ind2=" ">
   <subfield code="a">630.72</subfield>
  </datafield>
  <datafield tag="082" ind1=" " ind2=" ">
   <subfield code="b">V305</subfield>
  </datafield>
  <datafield tag="110" ind1=" " ind2=" ">
   <subfield code="a">Viện Khoa học Kỹ thuật Nông nghiệp Việt Nam</subfield>
  </datafield>
  <datafield tag="245" ind1=" " ind2="0">
   <subfield code="a">Kết quả nghiên cứu khoa học nông nghiệp 1976-1978</subfield>
  </datafield>
  <datafield tag="245" ind1=" " ind2="0">
   <subfield code="c">Viện Khoa học Kỹ thuật Nông nghiệp Việt Nam</subfield>
  </datafield>
  <datafield tag="260" ind1=" " ind2=" ">
   <subfield code="a">Hà Nội</subfield>
  </datafield>
  <datafield tag="260" ind1=" " ind2=" ">
   <subfield code="b">Nông nghiệp</subfield>
  </datafield>
  <datafield tag="260" ind1=" " ind2=" ">
   <subfield code="c">1981</subfield>
  </datafield>
  <datafield tag="520" ind1=" " ind2=" ">
   <subfield code="a">Sách trình bày các kết quả trong nghiên cứu về thâm canh tăng năng suất lúa và bố trí cơ cấu cây trồng hợp lý ở các vùng sinh thái khác nhau của nước ta. Để thâm canh tăng năng suất lúa, phải chọn các giống lúa năng suất cao, phải xác định các đặc tính hình thái và sinh lý quyết định năng suất của giống lúa ở nước ta. Kết quả nghiên cứu đầu tiên là chọn các giống lúa mùa năng suất cao, chịu được bệnh bạc lá vi khuẩn. Để giải quyết được giống lúa tốt cho các vùng sinh thái khác nhau trước tiên có thể tranh thủ sử dụng các giống lúa mới đã được tạo ở nước ngoài cùng áp dụng một số biện pháp kỹ thuật như bón phân đạm dưới dạng viên. Về vấn đề bố trí cơ cấu cây trồng hợp lý, kết quả nghiên cứu khí hậu vụ đông của miền Bắc nước ta để bố trí hợp lý cây trồng vào vụ đông. Ngoài ra, sách còn cung cấp kết quả nghiên cứu về mặt cơ sở sinh lý của việc chọn giống và tạo giống hỗn hợp trên cây ngô - được coi là cây màu quan trọng bậc nhất của nước ta</subfield>
  </datafield>
  <datafield tag="650" ind1=" " ind2=" ">
   <subfield code="a">agriculture</subfield>
  </datafield>
  <datafield tag="650" ind1=" " ind2=" ">
   <subfield code="x">research</subfield>
  </datafield>
  <datafield tag="904" ind1=" " ind2=" ">
   <subfield code="i">Minh, 961109</subfield>
  </datafield>
  <datafield tag="980" ind1=" " ind2=" ">
   <subfield code="a">Trung tâm Học liệu Trường Đại học Cần Thơ</subfield>
  </datafield>
 </record>
</collection>
